Caste in India, (Record no. 73838)

MARC details
000 -LEADER
fixed length control field 00762cam a22002531 4500
001 - CONTROL NUMBER
control field sa 67003426
003 - CONTROL NUMBER IDENTIFIER
control field DLC
005 - DATE AND TIME OF LATEST TRANSACTION
control field 20260227112338.0
008 - FIXED-LENGTH DATA ELEMENTS--GENERAL INFORMATION
fixed length control field 720201s1963 ii ab b 000 0 eng
010 ## - LIBRARY OF CONGRESS CONTROL NUMBER
LC control number sa 67003426
025 ## - OVERSEAS ACQUISITION NUMBER
Overseas acquisition number PL480-I-E-5164
035 ## - SYSTEM CONTROL NUMBER
System control number (OCoLC)231169
040 ## - CATALOGING SOURCE
Original cataloging agency DLC
Transcribing agency OKentU
Modifying agency OCoLC
-- DLC
042 ## - AUTHENTICATION CODE
Authentication code premarc
050 00 - LIBRARY OF CONGRESS CALL NUMBER
Classification number DS422.C3
Item number H8 1963
082 ## - DEWEY DECIMAL CLASSIFICATION NUMBER
Classification number 301.440954
100 1# - MAIN ENTRY--PERSONAL NAME
Personal name Hutton, J. H.
Fuller form of name (John Henry),
Dates associated with a name 1885-1968.
245 10 - TITLE STATEMENT
Title Caste in India,
Remainder of title its nature, function and origins
Statement of responsibility, etc. [by] J.H. Hutton.
250 ## - EDITION STATEMENT
Edition statement 4th ed.
260 ## - PUBLICATION, DISTRIBUTION, ETC.
Place of publication, distribution, etc. [Bombay]
Name of publisher, distributor, etc. Indian Branch, Oxford University Press,
Date of publication, distribution, etc. 1963.
300 ## - PHYSICAL DESCRIPTION
Extent xvi, 324 p.
Other physical details illus., fold maps.
Dimensions 25 cm.
504 ## - BIBLIOGRAPHY, ETC. NOTE
Bibliography, etc. note Bibliography: p. [263]-275.
650 #0 - SUBJECT ADDED ENTRY--TOPICAL TERM
Topical term or geographic name entry element Caste
Geographic subdivision India.

No items available.

Powered by Koha